| 000 | 00364cam a2200145ua 4500 | ||
|---|---|---|---|
| 003 | OSt | ||
| 008 | 250328b |||||||| |||| 00| 0 eng d | ||
| 041 | _aeng | ||
| 082 |
_a624.15 _bLEO/FO |
||
| 100 |
_aLeonards, G A . _97378 |
||
| 245 | _aFoundation engineering / | ||
| 260 |
_aNew York : _bMcGraw Hill Book Company , _c1962. |
||
| 300 | _a1136 ; . | ||
| 942 | _cBK | ||
| 999 |
_c10664 _d10664 |
||